|
|
|
|
| LEADER |
00000cam a2200000 7i4500 |
| 001 |
0000003307 |
| 005 |
20050823.0 |
| 090 |
0 |
0 |
|a 342.595
|b MAL
|
| 110 |
1 |
0 |
|a Malaysia
|
| 245 |
1 |
0 |
|a Peraturan-peraturan pegawai awam (Pelantikan, kenaikan pangkat dan penamatan perkhidmatan) 2005 .
|l Public officers (Appointment, promotion and termination of service) regulations 2005 :
|b (P.U. (A) 176/2005)
|
| 260 |
0 |
0 |
|a Kuala Lumpur :
|b PNMB ,
|c 2005
|
| 300 |
|
|
|c 25cm.
|
| 440 |
0 |
0 |
|a Undang-undang Malaysia
|
| 500 |
0 |
0 |
|a Teks sejajar bahasa Melayu dan Inggeris
|
| 650 |
0 |
0 |
|a Employee rules
|z Malaysia
|
| 650 |
0 |
0 |
|a Personnel management
|
| 999 |
|
|
|a 0000006254
|b Monograph
|c Open Shelf
|e Default branch
|